| 000 | 00351nam a22001337a 4500 | ||
|---|---|---|---|
| 020 | _a81-7700-031-4 | ||
| 082 |
_a000 _bARO/I |
||
| 100 | _aSUMITA ARORA | ||
| 245 |
_aINFORMATICS PRACTICES _bCLASS XI |
||
| 260 |
_aDELHI _bDHANPAT RAI & CO _c2007 |
||
| 300 | _a684 | ||
| 650 |
_aCOMPUTER SYSTEMS, GUI PROGRAMMING, MySQL, IT APPLICATIONS _zINDIA |
||
| 942 | _cBK | ||
| 999 |
_c562 _d562 |
||